<?xml version="1.0" encoding="UTF-8"?>
<record
    xmlns:xsi="http://www.w3.org/2001/XMLSchema-instance"
    xsi:schemaLocation="http://www.loc.gov/MARC21/slim http://www.loc.gov/standards/marcxml/schema/MARC21slim.xsd"
    xmlns="http://www.loc.gov/MARC21/slim">

  <leader>00248nam a2200109Ia 4500</leader>
  <controlfield tag="008">170620s9999    xx            000 0 und d</controlfield>
  <datafield tag="100" ind1=" " ind2=" ">
    <subfield code="a">DESAI BIPIN C</subfield>
  </datafield>
  <datafield tag="245" ind1=" " ind2="0">
    <subfield code="a">INTRO TO DATABASE SYSTEM</subfield>
  </datafield>
  <datafield tag="260" ind1=" " ind2=" ">
    <subfield code="b">N DELHI GALGOTIA</subfield>
  </datafield>
  <datafield tag="260" ind1=" " ind2=" ">
    <subfield code="c">2007</subfield>
  </datafield>
  <datafield tag="300" ind1=" " ind2=" ">
    <subfield code="a">934</subfield>
  </datafield>
  <datafield tag="546" ind1=" " ind2=" ">
    <subfield code="a">ENGLISH</subfield>
  </datafield>
  <datafield tag="999" ind1=" " ind2=" ">
    <subfield code="c">29824</subfield>
    <subfield code="d">29824</subfield>
  </datafield>
  <datafield tag="952" ind1=" " ind2=" ">
    <subfield code="0">0</subfield>
    <subfield code="1">0</subfield>
    <subfield code="2">ddc</subfield>
    <subfield code="4">0</subfield>
    <subfield code="7">0</subfield>
    <subfield code="a">09</subfield>
    <subfield code="b">09</subfield>
    <subfield code="d">0000-00-00</subfield>
    <subfield code="e">2</subfield>
    <subfield code="g">520.00</subfield>
    <subfield code="l">2</subfield>
    <subfield code="p">09-B-457</subfield>
    <subfield code="r">2019-11-23</subfield>
    <subfield code="s">2019-11-23</subfield>
    <subfield code="w">2017-06-26</subfield>
    <subfield code="y">01</subfield>
  </datafield>
  <datafield tag="952" ind1=" " ind2=" ">
    <subfield code="0">0</subfield>
    <subfield code="1">0</subfield>
    <subfield code="2">ddc</subfield>
    <subfield code="4">0</subfield>
    <subfield code="7">0</subfield>
    <subfield code="a">09</subfield>
    <subfield code="b">09</subfield>
    <subfield code="d">0000-00-00</subfield>
    <subfield code="e">2</subfield>
    <subfield code="g">520.00</subfield>
    <subfield code="l">1</subfield>
    <subfield code="p">09-B-458</subfield>
    <subfield code="r">2019-12-02</subfield>
    <subfield code="s">2019-11-23</subfield>
    <subfield code="w">2017-06-26</subfield>
    <subfield code="y">01</subfield>
  </datafield>
  <datafield tag="952" ind1=" " ind2=" ">
    <subfield code="0">0</subfield>
    <subfield code="1">0</subfield>
    <subfield code="2">ddc</subfield>
    <subfield code="4">0</subfield>
    <subfield code="7">0</subfield>
    <subfield code="a">09</subfield>
    <subfield code="b">09</subfield>
    <subfield code="d">0000-00-00</subfield>
    <subfield code="e">2</subfield>
    <subfield code="g">520.00</subfield>
    <subfield code="l">1</subfield>
    <subfield code="p">09-B-459</subfield>
    <subfield code="r">2019-10-17</subfield>
    <subfield code="s">2019-10-17</subfield>
    <subfield code="w">2017-06-26</subfield>
    <subfield code="y">01</subfield>
  </datafield>
  <datafield tag="952" ind1=" " ind2=" ">
    <subfield code="0">0</subfield>
    <subfield code="1">0</subfield>
    <subfield code="2">ddc</subfield>
    <subfield code="4">0</subfield>
    <subfield code="7">0</subfield>
    <subfield code="a">09</subfield>
    <subfield code="b">09</subfield>
    <subfield code="d">0000-00-00</subfield>
    <subfield code="e">2</subfield>
    <subfield code="g">520.00</subfield>
    <subfield code="l">2</subfield>
    <subfield code="p">09-B-460</subfield>
    <subfield code="r">2019-12-02</subfield>
    <subfield code="s">2019-09-13</subfield>
    <subfield code="w">2017-06-26</subfield>
    <subfield code="y">01</subfield>
  </datafield>
  <datafield tag="952" ind1=" " ind2=" ">
    <subfield code="0">0</subfield>
    <subfield code="1">0</subfield>
    <subfield code="2">ddc</subfield>
    <subfield code="4">0</subfield>
    <subfield code="7">0</subfield>
    <subfield code="a">09</subfield>
    <subfield code="b">09</subfield>
    <subfield code="d">0000-00-00</subfield>
    <subfield code="e">2</subfield>
    <subfield code="g">520.00</subfield>
    <subfield code="l">3</subfield>
    <subfield code="m">1</subfield>
    <subfield code="p">09-B-461</subfield>
    <subfield code="r">2022-11-10</subfield>
    <subfield code="s">2022-09-20</subfield>
    <subfield code="w">2017-06-26</subfield>
    <subfield code="y">01</subfield>
  </datafield>
  <datafield tag="952" ind1=" " ind2=" ">
    <subfield code="0">0</subfield>
    <subfield code="1">0</subfield>
    <subfield code="2">ddc</subfield>
    <subfield code="4">0</subfield>
    <subfield code="7">0</subfield>
    <subfield code="a">09</subfield>
    <subfield code="b">09</subfield>
    <subfield code="d">0000-00-00</subfield>
    <subfield code="e">2</subfield>
    <subfield code="g">520.00</subfield>
    <subfield code="l">1</subfield>
    <subfield code="p">09-B-462</subfield>
    <subfield code="r">2019-01-03</subfield>
    <subfield code="s">2018-11-13</subfield>
    <subfield code="w">2017-06-26</subfield>
    <subfield code="y">01</subfield>
  </datafield>
  <datafield tag="952" ind1=" " ind2=" ">
    <subfield code="0">0</subfield>
    <subfield code="1">0</subfield>
    <subfield code="2">ddc</subfield>
    <subfield code="4">0</subfield>
    <subfield code="7">0</subfield>
    <subfield code="a">09</subfield>
    <subfield code="b">09</subfield>
    <subfield code="d">0000-00-00</subfield>
    <subfield code="e">2</subfield>
    <subfield code="g">520.00</subfield>
    <subfield code="l">3</subfield>
    <subfield code="p">09-B-463</subfield>
    <subfield code="r">2023-12-12</subfield>
    <subfield code="s">2023-12-12</subfield>
    <subfield code="w">2017-06-26</subfield>
    <subfield code="y">01</subfield>
  </datafield>
  <datafield tag="952" ind1=" " ind2=" ">
    <subfield code="0">0</subfield>
    <subfield code="1">0</subfield>
    <subfield code="2">ddc</subfield>
    <subfield code="4">0</subfield>
    <subfield code="7">0</subfield>
    <subfield code="a">09</subfield>
    <subfield code="b">09</subfield>
    <subfield code="d">0000-00-00</subfield>
    <subfield code="e">2</subfield>
    <subfield code="g">520.00</subfield>
    <subfield code="l">4</subfield>
    <subfield code="p">09-B-464</subfield>
    <subfield code="r">2025-02-28</subfield>
    <subfield code="s">2024-12-06</subfield>
    <subfield code="w">2017-06-26</subfield>
    <subfield code="y">01</subfield>
  </datafield>
  <datafield tag="952" ind1=" " ind2=" ">
    <subfield code="0">0</subfield>
    <subfield code="1">0</subfield>
    <subfield code="2">ddc</subfield>
    <subfield code="4">0</subfield>
    <subfield code="7">0</subfield>
    <subfield code="a">09</subfield>
    <subfield code="b">09</subfield>
    <subfield code="d">0000-00-00</subfield>
    <subfield code="e">2</subfield>
    <subfield code="g">520.00</subfield>
    <subfield code="l">2</subfield>
    <subfield code="p">09-B-465</subfield>
    <subfield code="r">2023-11-23</subfield>
    <subfield code="s">2023-10-27</subfield>
    <subfield code="w">2017-06-26</subfield>
    <subfield code="y">01</subfield>
  </datafield>
  <datafield tag="952" ind1=" " ind2=" ">
    <subfield code="0">0</subfield>
    <subfield code="1">0</subfield>
    <subfield code="2">ddc</subfield>
    <subfield code="4">0</subfield>
    <subfield code="7">0</subfield>
    <subfield code="a">09</subfield>
    <subfield code="b">09</subfield>
    <subfield code="d">0000-00-00</subfield>
    <subfield code="e">2</subfield>
    <subfield code="g">520.00</subfield>
    <subfield code="l">1</subfield>
    <subfield code="p">09-B-466</subfield>
    <subfield code="r">2018-11-13</subfield>
    <subfield code="s">2018-10-29</subfield>
    <subfield code="w">2017-06-26</subfield>
    <subfield code="y">01</subfield>
  </datafield>
</record>
